Diccionario, Dicionario SELPER
Sparad:
| Institutionell upphovsman: | |
|---|---|
| Materialtyp: | Bok |
| Språk: | spanska |
| Publicerad: |
Santiago
SELPER
1980
|
| Ämnen: | |
| Taggar: |
Lägg till en tagg
Inga taggar, Lägg till första taggen!
|
MARC
| LEADER | 00000nam a2200000 a 4500 | ||
|---|---|---|---|
| 001 | UCV5120 | ||
| 003 | CL-VaPUC | ||
| 008 | 920703e19800000CL |||||||||||||||||spa|d | ||
| 082 | 0 | 4 | |a 621.3678 |b SEL |2 21 |
| 110 | 2 | |a SELPER |e author |9 299391 | |
| 245 | 1 | 0 | |a Diccionario, Dicionario SELPER |
| 246 | 1 | 0 | |a Dictionary: remote sensing, percepción remota, sensoramiento remoto: english-spanish-portuguese, inglés-español-portugués, inglés-espanhol-portugues |
| 300 | |a 219 p | ||
| 942 | |c BK | ||
| 945 | |d 19920703 00:00:00 | ||
| 260 | |a Santiago |b SELPER |c 1980 | ||
| 650 | 7 | |a PERCEPCION REMOTA |2 CL-VaPUC |9 299392 | |
| 650 | 7 | |a DICCIONARIOS INGLES |2 CL-VaPUC |9 261669 | |
| 650 | 7 | |a DICCIONARIOS PORTUGUES |2 CL-VaPUC |9 261693 | |
| 650 | 0 | |a Diccionario Español |9 255650 | |
| 583 | |a last modification |c 19920703 00:00:00 |k Rodrigo Vera | ||
| 999 | |c 211714 |d 211712 | ||